[Event "TCh-CAT 2012"]
[Site "Catalunya ESP"]
[Date "2012.03.17"]
[Round "8.9"]
[White "Asensio Linan,T"]
[Black "Papadopoulou,V"]
[Result "1/2-1/2"]
[WhiteElo "2167"]
[BlackElo "2182"]

1.e4 d5 2.exd5 Qxd5 3.Nc3 Qd6 4.d4 Nf6 5.Nf3 c6 6.Bd3 Bg4 7.O-O e6 8.Ne4 Nxe4
9.Bxe4 Nd7 10.Bg5 Nf6 11.Bxf6 gxf6 12.Qd2 Rg8 13.Qe3 f5 14.Bd3 f4 15.Qe4 f5
16.Qe2 O-O-O 17.Kh1 Rg6 18.Bc4 Bg7 19.Rad1 Rh6 20.Rfe1 Kb8 21.Bxe6 Re8 22.d5 cxd5
23.Qb5 Rexe6 24.Rxd5 Rxe1+ 25.Nxe1 Qe7 26.Nd3 Rb6 27.Qc4 a6 28.Qxf4+ Ka7
29.h3 Bh5 30.a4 Bg6 31.Nc5 Be8 32.b3 Rc6 33.b4 b6 34.Nxa6 Qb7 35.Rd8 Re6
36.Qc4 Re1+ 37.Kh2 Qxa6 38.Ra8+ Kxa8 39.Qxa6+ Kb8 40.Qxb6+ Kc8 41.Qc5+ Kd8
42.Qd6+ Kc8 43.Qa6+ Kd8 44.Qd6+ Kc8 45.Qa6+ Kd8 46.Qd3+  1/2-1/2

[Event "ch-VIE Men 2012"]
[Site "Can Tho VIE"]
[Date "2012.03.19"]
[Round "1.1"]
[White "Cao,S"]
[Black "Pham Duc Thang"]
[Result "1-0"]
[WhiteElo "2526"]
[BlackElo "2232"]

1.e4 d5 2.exd5 Qxd5 3.Nc3 Qd6 4.d4 Nf6 5.Bc4 c6 6.Nge2 Bg4 7.f3 Bf5 8.Bf4 Qb4
9.Bb3 e6 10.O-O Na6 11.Ng3 Bg6 12.Nce4 O-O-O 13.c3 Qb6 14.Nd2 Nc7 15.Nge4 Nfd5
16.Nc4 Qa6 17.Bg3 f5 18.Nc5 Bxc5 19.dxc5 Ne3 20.Nd6+ Kb8 21.Qd4 Nxf1 22.Rxf1 Rd7
23.Re1 Ka8 24.a4 b6 25.Nb5 Nd5 26.Rxe6 bxc5 27.Qxd5 Rxd5 28.Nc7+  1-0

[Event "13th EICC"]
[Site "Plovdiv BUL"]
[Date "2012.03.23"]
[Round "4.109"]
[White "Aharon,O"]
[Black "Alonso Rosell,A"]
[Result "0-1"]
[WhiteElo "2288"]
[BlackElo "2513"]

1.e4 d5 2.exd5 Qxd5 3.Nc3 Qd6 4.d4 Nf6 5.Nf3 g6 6.Ne5 Bg7 7.f4 O-O 8.Be3 Bf5
9.Bd3 Bxd3 10.Qxd3 Qa6 11.O-O-O c6 12.d5 Qa5 13.Qc4 Nfd7 14.Nxd7 Nxd7 15.dxc6 Nb6
16.Qc5 Bxc3 17.Qxc3 Qxa2 18.b3 bxc6 19.Qb2 Qa5 20.Bd2 Qc5 21.Rde1 Rfd8 22.Be3 Qb4
23.h4 Rab8 24.Bxb6 axb6 25.g3 Rd5 26.Re2 Rbd8 27.Rhe1 Qd6 28.Qc3 Qa3+ 29.Qb2 Rd1+  0-1

[Event "TCh-CAT 2012"]
[Site "Catalunya ESP"]
[Date "2012.03.24"]
[Round "9.5"]
[White "Trepat Herranz,J"]
[Black "Grafl,F"]
[Result "1/2-1/2"]
[WhiteElo "2325"]
[BlackElo "2391"]

1.e4 d5 2.exd5 Qxd5 3.Nc3 Qd6 4.d4 Nf6 5.Nf3 Nc6 6.Nb5 Qd8 7.c4 Bg4 8.d5 a6
9.dxc6 Qxd1+ 10.Kxd1 O-O-O+ 11.Ke1 axb5 12.cxb7+ Kxb7 13.cxb5 e5 14.Be2 Bc5
15.Be3 Bd4 16.Bxd4 exd4 17.Bd3 Rhe8+ 18.Kd2 Ne4+ 19.Bxe4+ Rxe4 20.Rhe1 Bxf3
21.gxf3 Rf4 22.Re7 Rxf3 23.Ke2 Rf5 24.Rc1 d3+ 25.Ke3 d2 26.Rd1 Kb6 27.a4 Rfd5
28.Ke2 Rf5 29.b3 Rd6 30.Rxd2 Rxd2+ 31.Kxd2 Rxf2+ 32.Kc3 g5 33.Kb4 Rf4+ 34.Kc3 h5
35.Re5 f5 36.h4 g4 37.Re6+ Kb7 38.Rg6 Re4 39.Kd3 Re7 40.Rf6 g3 41.Rxf5 Rg7
42.Rf1 Rg4 43.Rg1 Kb6 44.Kc3 Ka5 45.Rg2 Kb6 46.Kd3 Kc5 47.Kc3 Rg8 48.Rg1 g2
49.Kd3 Kb4 50.Ke3 Kxb3 51.a5 Kb4 52.b6 c5 53.a6 Kb5 54.b7 Kxa6 55.Rxg2 Re8+
56.Kd3 Kxb7 57.Rg5 c4+ 58.Kd4 Rc8 59.Kc3 Kc6  1/2-1/2

[Event "TCh-CAT 2012"]
[Site "Catalunya ESP"]
[Date "2012.03.24"]
[Round "9.10"]
[White "Pinsach Gelabert,A"]
[Black "Papadopoulou,V"]
[Result "0-1"]
[WhiteElo "1909"]
[BlackElo "2182"]

1.e4 d5 2.exd5 Qxd5 3.Nc3 Qd6 4.d4 Nf6 5.Nf3 c6 6.g3 Bg4 7.Bg2 e6 8.O-O Be7
9.Bf4 Qd8 10.Qd2 Nbd7 11.Ng5 Nb6 12.b3 O-O 13.h3 Bf5 14.Nce4 Nbd5 15.c3 Nxf4
16.Qxf4 Nd5 17.Qd2 h6 18.c4 Nc7 19.g4 Bg6 20.f4 hxg5 21.fxg5 Bxe4  0-1

[Event "14th WGM Rector Cup"]
[Site "Kharkiv UKR"]
[Date "2012.03.26"]
[Round "1"]
[White "Andrenko,I"]
[Black "Bezkorovaina,M"]
[Result "1-0"]
[WhiteElo "2227"]
[BlackElo "2099"]

1.e4 d5 2.exd5 Qxd5 3.Nc3 Qd6 4.d4 Nf6 5.Nf3 a6 6.g3 Bg4 7.Bg2 Nc6 8.O-O O-O-O
9.Be3 h6 10.a3 g5 11.b4 e5 12.d5 e4 13.Nxe4 Nxe4 14.dxc6 Qxc6 15.Nd4 Qd7
16.Qd3 Nf6 17.b5 axb5 18.a4 bxa4 19.Bxb7+ Kxb7 20.Rfb1+ Ka7 21.Nc6+  1-0

[Event "13th EICC"]
[Site "Plovdiv BUL"]
[Date "2012.03.28"]
[Round "8.155"]
[White "Rigopoulos Tsigkos,A"]
[Black "Cabarkapa,N"]
[Result "1-0"]
[WhiteElo "2095"]
[BlackElo "2314"]

1.e4 d5 2.exd5 Qxd5 3.Nc3 Qd6 4.d4 Nf6 5.Nf3 g6 6.Bd3 Bg7 7.O-O O-O 8.Ne4 Nxe4
9.Bxe4 Rd8 10.c3 Nd7 11.Bg5 Nf6 12.Bc2 b6 13.Qe2 Bb7 14.Bxf6 Bxf6 15.Be4 c6
16.Rfe1 e6 17.Rad1 Bg7 18.Nd2 Qc7 19.Bf3 Re8 20.Qc4 Rac8 21.Qb3 Re7 22.Nc4 Rd8
23.a4 Red7 24.Ra1 Qf4 25.a5 b5 26.Ne5 Rc7 27.a6 Ba8 28.Nd3 Qf6 29.Qd1 Bf8
30.b4 Bd6 31.Re3 h5 32.Qe2 Bf8 33.g3 c5 34.Nxc5 Bxc5 35.dxc5 h4 36.Bxa8 Rxa8
37.Qxb5 hxg3 38.hxg3  1-0

[Event "European Senior Teams 2012"]
[Site "Rogaska Slatina SLO"]
[Date "2012.03.28"]
[Round "2.7"]
[White "Winiwarter,F"]
[Black "Haubt,G"]
[Result "0-1"]
[WhiteElo "2162"]
[BlackElo "2215"]

1.e4 d5 2.exd5 Qxd5 3.Nc3 Qd6 4.d4 Nf6 5.Nf3 a6 6.Be2 Bf5 7.O-O e6 8.Be3 Nc6
9.Qd2 h6 10.a3 g5 11.b4 Bg7 12.Rad1 Rd8 13.b5 axb5 14.Nxb5 Qe7 15.c4 O-O
16.Qc1 Rd7 17.h4 Ne4 18.hxg5 hxg5 19.Nxg5 Rfd8 20.Nxe4 Bxe4 21.Bg5 Bf6 22.Bxf6 Qxf6
23.Qe3 Qg6 24.f3 Bc2 25.Bd3 Bxd3 26.Rxd3 Ne5 27.c5 Nc4 28.Qe4 c6 29.Qxg6+ fxg6
30.Nd6 Nxd6 31.cxd6 Rxd6 32.Re1 Kf7 33.Rde3 Ra8 34.Kf2 Ra4 35.Rh1 b5 36.Rh7+ Kf8
37.g4 Raxd4 38.Kg3 Rd7 39.Rxd7 Rxd7 40.f4 Ra7 41.Kf3 c5 42.g5 Ke7 43.Ke4 Ra4+
44.Ke5 Rd4 45.Rh3 Rd5+ 46.Ke4 Kd6 47.Rh8 Rd4+ 48.Ke3 Ra4 49.Rd8+ Kc6 50.Rd3 c4
51.Rc3 Kd5 52.Kd2 Ke4 53.Re3+ Kxf4 54.Rxe6 Kxg5 55.Re5+ Kf4 56.Rxb5 Rxa3
57.Rb4 Rd3+ 58.Ke2 Re3+ 59.Kf2 Rc3 60.Ke2 g5 61.Kd2 Rd3+ 62.Ke2 Rd4 63.Rb8 g4
64.Rf8+ Ke5 65.Re8+ Kd5 66.Ke3 Rd3+ 67.Ke2 Kd4 68.Re7 g3 69.Rd7+ Kc3 70.Rg7 Kc2
71.Rg4 c3 72.Rb4 g2 73.Kf2 Rd2+ 74.Kg1 Kc1 75.Rc4 c2  0-1

[Event "Belgrade Spring Open 2012"]
[Site "Belgrade SRB"]
[Date "2012.03.29"]
[Round "6.7"]
[White "Ravic,N"]
[Black "Petrovic,Pe"]
[Result "1-0"]
[WhiteElo "2326"]
[BlackElo "2125"]

1.e4 d5 2.exd5 Qxd5 3.Nc3 Qd8 4.d4 c6 5.Nf3 Bg4 6.Be3 e6 7.h3 Bxf3 8.Qxf3 Nf6
9.Bd3 Nd5 10.O-O Be7 11.Nxd5 cxd5 12.Qg3 O-O 13.Bh6 Bf6 14.c3 Nd7 15.Rae1 Re8
16.f4 Qb6 17.Re2 Qd6 18.Qg4 Re7 19.Ref2 Rae8 20.Rf3 Nf8 21.h4 g6 22.h5 Bg7
23.hxg6 fxg6 24.Bxg7 Rxg7 25.Re1 a6 26.Qh3 Rf7 27.f5 Ree7 28.fxg6 hxg6 29.Rxf7 Rxf7
30.Bxg6 Rg7 31.Bc2 Qf4 32.Qe3 Qh4 33.Rf1 Qe7 34.Rf3 b6 35.Rg3 a5 36.Rxg7+ Qxg7
37.Kf2 Kf7 38.Qf4+ Qf6 39.Kf3 Nd7 40.Qxf6+ Kxf6 41.Kf4 e5+ 42.dxe5+ Nxe5
43.g4 Nc4 44.g5+ Ke7 45.b3 Nd6 46.Ke5 Nb5 47.Kxd5 Nxc3+ 48.Kc6 b5 49.a3 Ke6
50.Kb6 a4 51.bxa4 bxa4 52.Ka5 Kd5 53.Bxa4 Nb1 54.Kb4 Ke5 55.Bc2  1-0

[Event "ch-Urals Men 2012"]
[Site "Satka RUS"]
[Date "2012.03.29"]
[Round "6"]
[White "Kozirev,A"]
[Black "Zasukhin,Vad"]
[Result "1-0"]
[WhiteElo "2256"]
[BlackElo "2385"]

1.e4 d5 2.exd5 Qxd5 3.Nc3 Qd6 4.d4 c6 5.Nf3 Bg4 6.Be3 Nd7 7.h3 Bh5 8.g4 Bg6
9.Qd2 e6 10.O-O-O Ngf6 11.Bf4 Qb4 12.a3 Qa5 13.Ne5 Nxe5 14.dxe5 Nd5 15.Nxd5 Qxd2+
16.Bxd2 cxd5 17.Bb5+ Kd8 18.Bg5+ Be7 19.h4 Rc8 20.c3 h5 21.Bxe7+ Kxe7 22.g5 Rhd8
23.Rd4 Rc5 24.Be2 Be4 25.Rhd1 Rh8 26.Rg1 a5 27.Kd2 b6 28.Ke3 Rcc8 29.c4 Rc5
30.f3 Bg6 31.cxd5 exd5 32.Rgd1 Ke6 33.f4 Be4 34.Bf1 Rd8 35.Rxe4 Rc2 36.Red4 Rxb2
37.Rxd5 Rxd5 38.Bc4 g6 39.Rxd5 Ke7 40.Rb5 Rh2 41.Rxb6 Rxh4 42.Rb7+ Kd8 43.Bxf7 Rh3+
44.Ke4 Rxa3 45.e6  1-0

[Event "28th Budapest Spring Festival"]
[Site "Budapest HUN"]
[Date "2012.03.30"]
[Round "5.14"]
[White "Peczely,S"]
[Black "Grimm,G"]
[Result "1/2-1/2"]
[WhiteElo "2063"]
[BlackElo "1962"]

1.e4 d5 2.exd5 Qxd5 3.Nc3 Qd6 4.d4 c6 5.g3 Nf6 6.Bf4 Qd8 7.Bg2 Bg4 8.Qd2 e6
9.a3 Bd6 10.Bg5 Nbd7 11.Nge2 h6 12.Bf4 Qc7 13.b4 Bxf4 14.Nxf4 Nd5 15.Nfxd5 cxd5
16.O-O a6 17.Rae1 O-O 18.h3 Bh5 19.g4 Bg6 20.f4 Rac8 21.f5 Qxc3 22.Qxc3 Rxc3
23.fxg6 Rc6 24.c4 Rxc4 25.gxf7+ Rxf7 26.Rxe6 Rxf1+ 27.Kxf1 Rxd4 28.Re7 Nf6
29.Rxb7 Rd1+ 30.Ke2 Ra1 31.Ra7 Rxa3 32.b5 Ra2+ 33.Kf1 a5 34.h4 Ne4 35.b6 Rb2
36.b7 Kh7 37.g5 hxg5 38.hxg5 a4 39.Bh3 Kg6 40.Bc8 Nc5 41.Ke1 Kxg5 42.Ra5 Nxb7
43.Rxa4 Nd6 44.Be6 Rb5 45.Rd4 Kf6 46.Bxd5 Ke5 47.Rg4 Kxd5 48.Rxg7 Rb2 49.Rd7 Ke6
50.Rh7 Ne4 51.Rh8 Ke5 52.Kf1 Nf6 53.Rf8 Nd5 54.Re8+ Kf4 55.Rf8+  1/2-1/2

[Event "European Senior Teams 2012"]
[Site "Rogaska Slatina SLO"]
[Date "2012.03.30"]
[Round "4.5"]
[White "Dueckstein,A"]
[Black "Haubt,G"]
[Result "1/2-1/2"]
[WhiteElo "2221"]
[BlackElo "2215"]

1.e4 d5 2.exd5 Qxd5 3.Nc3 Qd6 4.d4 Nf6 5.Nf3 a6 6.h3 g6 7.Bd3 Nc6 8.Ne4 Nxe4
9.Bxe4 Bg7 10.c3 f5 11.Bc2 Be6 12.O-O h6 13.Re1  1/2-1/2

[Event "ch-CHN w 2012"]
[Site "Xinghua CHN"]
[Date "2012.03.30"]
[Round "4"]
[White "Wang Yu A"]
[Black "Huang Qian"]
[Result "1/2-1/2"]
[WhiteElo "2372"]
[BlackElo "2399"]

1.e4 d5 2.exd5 Qxd5 3.Nc3 Qd6 4.d4 c6 5.Nf3 Bg4 6.Be3 Nf6 7.h3 Bxf3 8.Qxf3 e6
9.Bd3 Nbd7 10.O-O Qc7 11.Rfe1 Be7 12.a3 O-O 13.Ne4 Nxe4 14.Qxe4 Nf6 15.Qh4 g6
16.Bf4 Qd8 17.Bh6 Re8 18.Rad1 Nh5 19.Qg4 Bf6 20.c3 Bg7 21.Bg5 Bf6 22.Bh6 Bg7
23.Bg5 Bf6 24.Bh6 Bg7  1/2-1/2

[Event "28th Budapest Spring Festival"]
[Site "Budapest HUN"]
[Date "2012.04.01"]
[Round "7.14"]
[White "Opl,K"]
[Black "Nadassy,A"]
[Result "0-1"]
[WhiteElo "2287"]
[BlackElo "2062"]

1.e4 d5 2.exd5 Qxd5 3.Nc3 Qd6 4.Nf3 Bg4 5.Be2 Nf6 6.d4 c6 7.O-O Nbd7 8.h3 Bh5
9.Be3 e6 10.Qd2 Qc7 11.Rfe1 Bd6 12.a3 O-O 13.Rad1 Rfd8 14.Qc1 b5 15.Ng5 Bg6
16.Bf3 a6 17.Nce4 h6 18.Nxe6 fxe6 19.Nxd6 Qxd6 20.Bf4 Qe7 21.Bxc6 Rac8 22.d5 Nf8
23.Bd2 Nxd5 24.Bxd5 Rxd5 25.Bb4 Rxd1 26.Qxd1 Qf6 27.Bc3 Qf5 28.Qd4 Rc7 29.Re5 Qf6
30.Qe3 Qd8 31.Qg3 Rd7 32.Bb4 Bf5 33.Bc3 Rd1+ 34.Kh2 Qc7 35.f4 Ng6 36.Rxf5 exf5
37.Qxg6 Qxf4+ 38.Qg3 Rh1+  0-1

[Event "14th WGM Rector Cup"]
[Site "Kharkiv UKR"]
[Date "2012.04.01"]
[Round "7"]
[White "Shapoval,Galina"]
[Black "Rakhmangulova,A"]
[Result "1-0"]
[WhiteElo "2183"]
[BlackElo "2215"]

1.e4 d5 2.exd5 Qxd5 3.Nc3 Qd6 4.d4 Nf6 5.Nf3 Bg4 6.h3 Bh5 7.g4 Bg6 8.Ne5 Nbd7
9.Nxg6 hxg6 10.Qf3 c6 11.Bg2 e6 12.Bf4 Qxd4 13.Rd1 Qb6 14.O-O O-O-O 15.g5 Nd5
16.Nxd5 exd5 17.c4 d4 18.a3 f6 19.b4 Ne5 20.Qe4 Rh4 21.c5 Qa6 22.Rxd4 Rxd4
23.Qxd4 Qc4 24.Rd1 Be7 25.Qxc4 Nxc4 26.Bg3 Rh8 27.h4 Nxa3 28.Bh3+ f5 29.Bf1 a5
30.bxa5 Rd8 31.a6 Nb5 32.Rxd8+  1-0

[Event "35th San Sebastian Open"]
[Site "Donostia ESP"]
[Date "2012.04.02"]
[Round "4"]
[White "Thomassen,J"]
[Black "Andres Gonzalez,A"]
[Result "1/2-1/2"]
[WhiteElo "2400"]
[BlackElo "2525"]

1.e4 d5 2.exd5 Qxd5 3.Nc3 Qd8 4.d4 c6 5.Bc4 Bf5 6.Nf3 e6 7.Qe2 Nf6 8.O-O h6
9.Re1 Be7 10.Ne5 Qxd4 11.h3 h5 12.Nxf7 Kxf7 13.Bxe6+ Bxe6 14.Qxe6+ Kg6 15.Qxe7 Nbd7
16.Be3 Qc4 17.Rad1 Rhe8 18.Qd6 Nb6 19.Bd4 Rad8 20.Qg3+ Kf7 21.Bxf6 gxf6 22.Qc7+ Kg6
23.Rxe8 Rxe8 24.Qxb7 Re5 25.Qb8 Qe6 26.Kh2 Nd5 27.Nxd5 cxd5 28.Rd3 h4 29.Rd4 Re4
30.Rxe4 Qxe4 31.Qg8+ Kh6 32.Qh8+ Kg6 33.Qg8+ Kh6 34.Qg4 Qe5+ 35.f4 Qe1 36.b4 a6
37.a4 Qxb4 38.Qxh4+ Kg7 39.Qg4+ Kf7 40.Qd7+ Kg6 41.Qg4+ Kf7 42.f5 Qb2 43.h4 Qe5+
44.Kh3 d4 45.g3 Kf8 46.Kh2 Qe3 47.Kh3 Qf2 48.Qe4 Qf1+ 49.Kh2 Qf2+ 50.Kh3 Qf1+
51.Kg4 Qd1+ 52.Kf4 Qc1+ 53.Kg4 Qd1+ 54.Qf3 Qxc2 55.Qa8+ Kg7 56.Qa7+ Kh6 57.Qxd4 Qe2+
58.Kf4 Qf1+ 59.Ke4 Qg2+ 60.Kd3 Qxg3+ 61.Qe3+ Qxe3+ 62.Kxe3 Kh5 63.Kd4 Kxh4
64.Kc5 Kg5 65.Kb6 Kxf5 66.Kxa6 Kg4 67.a5 f5 68.Kb7 f4 69.a6 f3 70.a7 f2 71.a8=Q f1=Q  1/2-1/2

[Event "European Senior Teams 2012"]
[Site "Rogaska Slatina SLO"]
[Date "2012.04.03"]
[Round "8.22"]
[White "Palmo,P"]
[Black "Johnsen,Oystein"]
[Result "1/2-1/2"]
[WhiteElo "2064"]
[BlackElo "1899"]

1.e4 d5 2.exd5 Qxd5 3.Nc3 Qd6 4.Nf3 Nf6 5.g3 Bg4 6.Bg2 c6 7.O-O Nbd7 8.d4 Nb6
9.a4 Nbd5 10.Ne2 Rc8 11.Ne5 Bf5 12.Nd3 e6 13.c3 Qd8 14.Nef4 Bd6 15.Qe2 O-O
16.a5 Qc7 17.Bd2 Nxf4 18.Nxf4 e5 19.dxe5 Bxe5 20.Qc4 Rfd8 21.Qe2 Re8 22.Qd1 Rcd8
23.Qc1 b6 24.axb6 axb6 25.Bf3 h6 26.Ng2 Ne4 27.Be3 Bd6 28.Ne1 Nc5 29.Bd1 Bh3
30.Ng2 Be6 31.Bc2 Nb3 32.Bxb3 Bxb3 33.c4 Bb4 34.c5 bxc5 35.Bxc5 Bd2 36.Qb1 Qe5
37.Be3 Bb4 38.Nf4 g5 39.Nd3 Qb5 40.Nxb4 Qxb4 41.Qf5 Rd5 42.Qf6 Rd6 43.Qf5 Bd5
44.Rad1 Qe4 45.Qxe4 Rxe4 46.b4  1/2-1/2

[Event "Semana Santa LAB Open"]
[Site "Bogota COL"]
[Date "2012.04.04"]
[Round "1"]
[White "Quinonez,Constanza"]
[Black "Tirado,J"]
[Result "0-1"]
[WhiteElo "1830"]
[BlackElo "1977"]

1.e4 d5 2.exd5 Qxd5 3.Nc3 Qd6 4.Nf3 a6 5.h3 Nf6 6.Bc4 Bf5 7.d3 Nc6 8.Be3 e5
9.O-O Be7 10.Re1 O-O 11.Bg5 Rfe8 12.Bxf6 Bxf6 13.Ne4 Qe7 14.Qd2 g6 15.Nxf6+ Qxf6
16.Ng5 Re7 17.a3 Rd8 18.Ne4 Qh4 19.Re3 Bxe4 20.Rxe4 Qxe4  0-1

[Event "Semana Santa LAB Open"]
[Site "Bogota COL"]
[Date "2012.04.04"]
[Round "1"]
[White "Santos Morales,N"]
[Black "Nieto,G"]
[Result "0-1"]
[WhiteElo "2023"]
[BlackElo "1898"]

1.e4 d5 2.exd5 Qxd5 3.Nc3 Qd6 4.Nf3 Nf6 5.d3 Bg4 6.h3 Bh5 7.Bg5 e5 8.Qd2 Bxf3
9.gxf3 Be7 10.O-O-O Nc6 11.Nb5 Qd7 12.h4 Nb4 13.d4 a6 14.Nc3 exd4 15.Bh3 Qd6
16.Qxd4 Qxd4 17.Rxd4 c5 18.Bd7+ Nxd7 19.Re4 f6 20.a3 fxg5 21.axb4 Kf7 22.Nd5 Bf6
23.hxg5 Bxg5+ 24.f4 Bf6 25.bxc5 Nxc5 26.Rc4 Rac8 27.Ne3 b5  0-1

[Event "Semana Santa LAB Open"]
[Site "Bogota COL"]
[Date "2012.04.04"]
[Round "1"]
[White "Ribero,Guillermo Andres"]
[Black "Nieto,M"]
[Result "0-1"]
[WhiteElo "1823"]
[BlackElo "1959"]

1.e4 d5 2.exd5 Qxd5 3.Nc3 Qd6 4.d4 Nf6 5.Nf3 c6 6.Be2 Bg4 7.Be3 e6 8.Qd2 Qc7
9.h3 Bh5 10.g4 Bg6 11.Ne5 Nbd7 12.Nxg6 hxg6 13.O-O-O Bb4 14.Bf4 Qa5 15.Qd3 Bxc3
16.Qxc3 Qxa2 17.Bf3 Nd5 18.Bxd5 Qxd5 19.Bg3 O-O-O 20.Qa3 a6 21.h4 Nf6 22.f3 Qb5
23.Rd3 Nd5 24.Rb3 Qe2 25.Qc5 Qg2 26.Qa7 Qxh1+ 27.Kd2 Qg2+ 28.Kc1 b5 29.Qxa6+ Kd7
30.Qb7+ Ke8 31.Qxc6+ Kf8 32.Bd6+ Kg8 33.Kb1 Kh7 34.Rxb5 Qxf3 35.c4 Nc3+  0-1

[Event "35th San Sebastian Open"]
[Site "Donostia ESP"]
[Date "2012.04.04"]
[Round "6"]
[White "Bellia,F"]
[Black "Andres Gonzalez,A"]
[Result "0-1"]
[WhiteElo "2436"]
[BlackElo "2525"]

1.e4 d5 2.exd5 Qxd5 3.Nc3 Qd8 4.d4 c6 5.Bc4 Bf5 6.Nf3 e6 7.Ne5 Nd7 8.Qe2 Ngf6
9.O-O Nb6 10.Bb3 Qxd4 11.Rd1 Qc5 12.Nd3 Qa5 13.Bd2 Qa6 14.Qe5 Nbd7 15.Qg3 Be7
16.Qxg7 Rg8 17.Qh6 O-O-O 18.Qe3 Bd6 19.Qd4 c5 20.Qa4 Qxa4 21.Bxa4 Nb6 22.Be3 Bg4
23.Re1 Bf3 24.g3 Rg4 25.b3 Nxa4 26.Nxa4 b6 27.Nab2 Be4 28.Rad1 Nd5 29.Bd2 Bxd3
30.Nxd3 h5 31.c4 Ne7 32.Bc3 Nf5 33.Ne5 Bxe5 34.Rxd8+ Kxd8 35.Bxe5 Kc8 36.h3 Rg6
37.Rd1 f6 38.Bc3 Nxg3 39.Kh2 Ne2 40.Bb2 Nf4 41.Rd2 Kc7 42.a3 e5 43.b4 a6
44.bxc5 bxc5 45.a4 Rg2+ 46.Kh1 Rg8 47.Kh2 Rb8 48.Bc3 Rb3 49.Ba5+ Kc6 50.Bd8 Rxh3+
51.Kg1 Rd3 52.Rxd3 Nxd3 53.Bxf6 Kd6 54.Kf1 Nb2 55.f4 Nxc4 56.fxe5+ Nxe5 57.Ke2 Kd5
58.Kd1 Nf3 59.Ke2 Ke4 60.Be7 c4  0-1

[Event "Semana Santa LAB Open"]
[Site "Bogota COL"]
[Date "2012.04.05"]
[Round "3"]
[White "Pinilla,Diego"]
[Black "Abril,M"]
[Result "0-1"]
[WhiteElo "1717"]
[BlackElo "1976"]

1.e4 d5 2.exd5 Qxd5 3.Nc3 Qd6 4.d4 Nf6 5.Nf3 c6 6.h3 Bf5 7.Bd3 Bxd3 8.Qxd3 e6
9.Be3 Be7 10.O-O Nbd7 11.Nd2 O-O 12.Nc4 Qc7 13.f4 Rad8 14.Qe2 Nb6 15.f5 Nxc4
16.Qxc4 e5 17.dxe5 Qxe5 18.Rae1 Bd6 19.Bf4 Qc5+ 20.Qxc5 Bxc5+ 21.Kh1 h6 22.Ne4 Bd4
23.c3 Nxe4 24.Rxe4 Bf6 25.Rfe1 Rd5 26.g4 b5 27.Kg2 a5 28.Re8 a4 29.Rxf8+ Kxf8
30.Re2 a3 31.bxa3 Bxc3 32.Rc2 Rd3 33.Re2 c5 34.Re3 Rd2+ 35.Kg3 Bd4 36.Re8+ Kxe8
37.Bxd2 Bb2 38.Be3 Bxa3 39.Kf3 Kd7 40.Ke4 Kc6 41.f6 g5  0-1

[Event "Semana Santa LAB Open"]
[Site "Bogota COL"]
[Date "2012.04.05"]
[Round "3"]
[White "Dominguez,Ramiro"]
[Black "Nieto,M"]
[Result "1-0"]
[WhiteElo "2191"]
[BlackElo "1959"]

1.e4 d5 2.exd5 Qxd5 3.Nc3 Qd6 4.d4 Nf6 5.Nf3 c6 6.g3 g6 7.Bg2 Bg7 8.O-O O-O
9.Re1 Re8 10.h3 Be6 11.Qe2 Nbd7 12.Ng5 Bd5 13.Bf4 Qb4 14.Nxd5 Nxd5 15.Bxd5 cxd5
16.Nxf7 Kxf7 17.Qe6+ Kf8 18.Qxd7 Rad8 19.Qe6 Qxd4 20.Bg5 Bf6 21.c3 Qb6 22.Bh6+ Bg7
23.Qxb6 axb6 24.Bxg7+ Kxg7 25.Re6 Rd7 26.Rxb6 e5 27.Rd1 d4 28.Rd3 Kf7 29.Kf1 Ra8
30.a3 Re8 31.f3 Red8 32.Ke2 Ke7 33.h4 Kf7 34.cxd4 exd4 35.Rdb3 Re8+ 36.Kd2 Ree7
37.g4 Kg7 38.Rd3 Rf7 39.a4 Rf4 40.Rdb3 Rff7 41.a5 Rfe7 42.Rd3 Rf7 43.b4 Rd5
44.b5 Kg8 45.Ra3 Kf8 46.a6 bxa6 47.bxa6 Rdd7 48.Rab3 Ra7 49.Rb8+ Kg7 50.R3b6 Kh6
51.R8b7 Rd7 52.Rxa7 Rxa7 53.Rb7  1-0

[Event "Semana Santa LAB Open"]
[Site "Bogota COL"]
[Date "2012.04.06"]
[Round "5"]
[White "Cifuentes,J"]
[Black "Panesso,O"]
[Result "1/2-1/2"]
[WhiteElo "2114"]
[BlackElo "2013"]

1.e4 d5 2.exd5 Qxd5 3.Nc3 Qd6 4.d4 Nf6 5.Nge2 a6 6.Bf4 Qd8 7.g3 Bf5 8.Bg2 c6
9.O-O e6 10.a4 Be7 11.a5 O-O 12.Na4 Qxa5 13.c4 Qd8 14.Qb3 b5 15.Nac3 b4  1/2-1/2

[Event "Semana Santa LAB Open"]
[Site "Bogota COL"]
[Date "2012.04.06"]
[Round "5"]
[White "Quinonez,Constanza"]
[Black "Abril,M"]
[Result "0-1"]
[WhiteElo "1830"]
[BlackElo "1976"]

1.e4 d5 2.exd5 Qxd5 3.Nc3 Qd6 4.d4 Nf6 5.h3 c6 6.Nf3 Bf5 7.Bd3 Bxd3 8.Qxd3 e6
9.O-O Be7 10.Bg5 Nbd7 11.Bh4 Nb6 12.Bg3 Qd8 13.Rfe1 O-O 14.Rad1 h6 15.Ne4 Nxe4
16.Qxe4 Qd5 17.a3 Qxe4 18.Rxe4 Nc4 19.Ne5 Nd6 20.Ree1 Nf5 21.Bf4 Rfd8 22.c3 Bf6
23.Nf3 a5 24.g4 Ne7 25.h4 Nd5 26.Bc1 Be7 27.g5 hxg5 28.hxg5 g6 29.Nh2 b5
30.Rd3 Kg7 31.Ng4 Rh8 32.Kg2 Rh4 33.Nh6 Nf4+ 34.Bxf4 Rxf4 35.Rg3 Rf8 36.Rh1 Rb8
37.f3 b4 38.Kf2 bxc3 39.bxc3 Rb3 40.Ke3 Bd6 41.Rgh3 Rxc3+ 42.Ke2 Kf8 43.Ng4 Rxd4
44.Nf6 Bf4 45.Rh8+ Ke7 46.Re8+ Kd6 47.Ne4+ Rxe4+ 48.fxe4 Bxg5 49.Rh7 f6 50.Rg7 Rxa3
51.Rd8+ Kc5 52.Rc7 Re3+ 53.Kf2 Rxe4 54.Rdc8 Kd6 55.Rxc6+ Ke5  0-1

[Event "16th Neckar Open"]
[Site "Deizisau GER"]
[Date "2012.04.06"]
[Round "2.15"]
[White "Petermann,M"]
[Black "Milanovic,Da"]
[Result "0-1"]
[WhiteElo "2203"]
[BlackElo "2520"]

1.e4 d5 2.exd5 Qxd5 3.Nc3 Qd6 4.g3 Nf6 5.Bg2 Bg4 6.Nge2 c6 7.d4 e6 8.Bf4 Qd8
9.Qd2 Nbd7 10.f3 Bf5 11.Ne4 Nd5 12.Nd6+ Bxd6 13.Bxd6 N7b6 14.Bf4 Nc4 15.Qc1 Nxf4
16.Qxf4 Bxc2 17.Rc1 g5 18.Qg4 Ne3 19.Qh3 Qa5+ 20.Kf2 Qd2 21.Rhe1 h5  0-1

[Event "ch-CHN w 2012"]
[Site "Xinghua CHN"]
[Date "2012.04.06"]
[Round "10"]
[White "Wang Jue"]
[Black "Huang Qian"]
[Result "1/2-1/2"]
[WhiteElo "2366"]
[BlackElo "2399"]

1.e4 d5 2.exd5 Qxd5 3.Nc3 Qd6 4.d4 c6 5.Nf3 Bg4 6.h3 Bxf3 7.Qxf3 Nf6 8.Be3 e6
9.O-O-O Nbd7 10.Kb1 Nb6 11.Bd3 Nbd5 12.Ne4 Nxe4 13.Bxe4 b5 14.g4 a5 15.c3 Rc8
16.g5 a4 17.a3 Qd7 18.h4 Be7 19.Bc1 h5 20.g6 f5 21.Bc2 Kd8 22.Qd3 Kc7 23.c4 bxc4
24.Qxc4 Nb6 25.Qc3 Qd5 26.Rhe1 Bd6 27.Ka1 Rhe8 28.Bb1 Qb3 29.Qxb3 axb3 30.Rd3 Nd5
31.Rxb3 Be7 32.Rxe6 Bxh4 33.Re5 Bxf2 34.Rxf5 Bxd4 35.Rxh5 Rb8 36.Rxb8 Kxb8
37.Rh2 Kc7 38.Ka2 Bf6 39.Bd3 Kd6 40.Re2 Ra8 41.Kb3 Rb8+ 42.Kc2 Rh8 43.Bd2 Rb8
44.b4 Rh8 45.a4 Rh4 46.Re4 Rh2 47.Be2 Rg2 48.a5 Rxg6 49.a6 Rg1 50.Bd1 Kc7
51.Be1 Rxe1 52.Rxe1 Nxb4+ 53.Kb3 Nxa6 54.Kc4 Nb8 55.Bg4 Nd7 56.Bxd7  1/2-1/2

[Event "16th Neckar Open"]
[Site "Deizisau GER"]
[Date "2012.04.07"]
[Round "4.8"]
[White "Mladenov,Sv"]
[Black "Milanovic,Da"]
[Result "1/2-1/2"]
[WhiteElo "2419"]
[BlackElo "2520"]

1.e4 d5 2.exd5 Qxd5 3.Nc3 Qd6 4.d4 Nf6 5.Nf3 c6 6.Ne5 Nbd7 7.Nc4 Qc7 8.Qf3 Nb6
9.Bf4 Qd8 10.Be5 Be6 11.Nxb6 axb6 12.Bxf6 gxf6 13.Rd1 h5 14.Be2 Ra5 15.O-O Bg4
16.Qe3 e6 17.a3 Be7 18.f3 Bf5 19.Ne4 Rd5 20.c4 Rd7 21.Kh1 Bg6 22.Nc3 Kf8
23.Bd3 f5 24.Bb1 Bf6 25.Ne2 c5 26.d5 Bxb2 27.Qb3 Be5 28.f4 Bc7 29.Ng1 exd5
30.cxd5 Kg7 31.Nh3 Qf6 32.Bd3 Rhd8 33.Bc4 Re7 34.Ng5 Rde8 35.Ne6+ fxe6 36.d6 Bxd6
37.Rxd6 Bf7 38.Rxb6 Rd8 39.Rxb7 Rd4 40.Rb6 Re4 41.Bd5 Rd4 42.Bc4 Re4 43.Bd5 Rd4
44.Bc4  1/2-1/2

[Event "OGD Prinsenstad Open A"]
[Site "Delft NED"]
[Date "2012.04.07"]
[Round "4.2"]
[White "Meng,R"]
[Black "Kasparov,S"]
[Result "0-1"]
[WhiteElo "2278"]
[BlackElo "2503"]

1.e4 d5 2.exd5 Qxd5 3.Nc3 Qd6 4.d4 Nf6 5.Nf3 c6 6.g3 Bf5 7.Bg2 e6 8.O-O Be7
9.a3 O-O 10.Bf4 Qd8 11.h3 Nd5 12.Bd2 Nd7 13.Re1 h6 14.Ne4 N5f6 15.Nxf6+ Bxf6
16.Bf4 Re8 17.c3 a5 18.Ne5 Nxe5 19.Bxe5 Bxe5 20.Rxe5 a4 21.Qe2 Qb6 22.g4 Bh7
23.Re1 Ra5 24.Rxa5 Qxa5 25.Qe5 Qb6 26.Re2 Bd3 27.Rd2 Bc4 28.Be4 Qd8 29.Bd3 Bxd3
30.Rxd3 Qb6 31.Qe2 Rd8 32.Re3 c5 33.dxc5 Qxc5 34.Rd3 Rxd3 35.Qxd3 b5 36.Qd8+ Kh7
37.Qd7 Kg6 38.Qd3+ f5 39.Kg2 Qc4 40.gxf5+ exf5 41.Qxc4 bxc4 42.Kf3 Kf6 43.Ke3 g5  0-1

[Event "16th Neckar Open"]
[Site "Deizisau GER"]
[Date "2012.04.08"]
[Round "6.4"]
[White "Edouard,R"]
[Black "Milanovic,Da"]
[Result "1/2-1/2"]
[WhiteElo "2607"]
[BlackElo "2520"]

1.e4 d5 2.exd5 Qxd5 3.Nc3 Qd6 4.d4 Nf6 5.Nf3 Bg4 6.h3 Bh5 7.g4 Bg6 8.Ne5 Nbd7
9.Nb5 Qb6 10.Nc4 Qc6 11.d5 Nxd5 12.Qxd5 Qxd5 13.Nxc7+ Kd8 14.Nxd5 Be4 15.Rh2 Bxd5
16.Bf4 Rc8 17.Ne3 Bf3 18.Bg2 Bxg2 19.Rxg2 e5 20.Bh2 Bb4+ 21.Kf1 Re8 22.Rd1 Rc6
23.f3 Kc8 24.c3 Bc5 25.Nc4 f6 26.Rgd2 Nb6 27.Na5 Rc7 28.f4 exf4 29.Bxf4 Rce7
30.Bg3 Re4 31.Re1 Rxe1+ 32.Bxe1 Re3 33.b4 Be7  1/2-1/2

[Event "Pobeskydi Open 2012"]
[Site "Frydek Mistek CZE"]
[Date "2012.04.08"]
[Round "7"]
[White "Miculka,P"]
[Black "Cempel,J"]
[Result "0-1"]
[WhiteElo "2011"]
[BlackElo "2200"]

1.e4 d5 2.exd5 Qxd5 3.Nc3 Qd6 4.d4 Nf6 5.Nf3 a6 6.a4 Bg4 7.Be2 e6 8.O-O Be7
9.Ne5 Bxe2 10.Nxe2 O-O 11.h3 Rd8 12.Bf4 Qb6 13.c3 c5 14.Nc4 Qc6 15.Ne5 Qc8
16.Rc1 b5 17.Qc2 Nbd7 18.Rfd1 Qb7 19.b3 Rac8 20.axb5 axb5 21.c4 bxc4 22.bxc4 cxd4
23.Nxd4 Nxe5 24.Bxe5 Nd7 25.Bg3 h6 26.Rb1 Qa6 27.Nb5 e5 28.Qf5 g6 29.Qxd7 Rxd7
30.Rxd7 Qe6 31.Rc7 f6 32.Rb7 Rxc4 33.Rd1 Rb4 34.Rdd7 Bf8 35.Rd8 Qb3 36.Nd4 Qb1+
37.Kh2 Rxb7  0-1